00727nam a2200217 a 450000100060000000300080000600500170001400800410003103500200007204000260009204100080011808200270012610000170015324501080017026000580027830000350033650000200037150400320039165000400042365100460046363997BD-RJUL20211209081248.0170206s1982 ii a b 001 0 eng d a(BD-RJUL) 64127 aBD-RJULcBD-RJULbeng aeng a954.0357223bPAP 19821 aPage, David.10aPrelude to partition :bthe Indian Muslims and the imperial system of control, 1920-1932 /cDavid Page. aDelhi ;aNew York :bOxford University Press,cc1982. axiii, 288 p. :bill. ;c23 cm. aIncludes index. aBibliography: p. [269]-278. 0aMuslimsxPolitical activityzIndia. 0aIndiaxPolitics and governmenty1919-1947